000 01805cam a22005174i 4500
003 PE-LiUPU
005 20250731184606.0
008 150616s r 000 0 d
020 _a0906090431
035 _a(Sirsi) i9780906090435
040 _aPE-LiUPU
_bspa
_cPE-LiUPU
_erda
049 _aPRUA
082 0 4 _a913.095695
_bM12
_221
100 1 _aMacDonald, B.,
_eautor.
245 1 4 _aThe Southern Ghors and Northeast 'Arabah archaeological survey /
_cpor B. MacDonald ; con mayor contribución de K. 'Amr [y otros].
264 1 _aGreat Britain :
_bJ.R. Collis Publications,
_c1992.
300 _a290 páginas :
_bIlustraciones ;
_c30 centímetros
336 _atext
_2rdacontent
337 _aunmediated
_2rdamedia
338 _avolume
_2rdacarrier
490 0 _aSheffield Archaeological Monographs ;
_v5
504 _aIncluye bibliografía.
505 0 _aArqueología e historia de Jordania.
526 _aP136
526 _aP135
526 _aP134
526 _aP133
526 _aP144
526 _aP143
526 _aP87
526 _aP35
526 _aP20
526 _aP14
526 _aP10
526 _aP06
650 0 4 _aExcavaciones arqueológicas
_zJordan - 'Araba.
650 0 4 _aExcavaciones arqueológicas
_zJordania - Ghors.
651 _aJordania
_xAntigüedades.
910 _ajck
_bjvq
_cjck
942 _2ddc
_cBOOK
949 _a913.095695 M12
_wDEWEY
_c1
_i40341
_lCCODEBUL1
_mBUL
_r0
_sY
_tBOOK
_u2015-6-16
_xTEOLOGIA
_zUNKNOWN
_0COMPRA
_o.STAFF. Colección General
994 _aC0
_bPEPRU
596 _a1
999 _a913.095695 M12
_wDEWEY
_c58145
_i40341
_f2021-11-11
_g5
_lCCODEBUL1
_mBUL
_r0
_sY
_tBOOK
_u2015-6-16
_xTEOLOGIA
_zUNKNOWN
_0COMPRA
_o.STAFF. Colección General
_d58145
980 _81
_gALBERTO SANCHEZ Responsable de Automatización